Sports Quiz

Random Sports or Europe Quiz
Score 0/96 Timer 20:00
0 Plays Today
Saison(s) Nom du club % Correct
1995/1996 - 2009/2010Bayern Munich
94.2%
1984/1985 - 2009/2010Juventus Turin
93.7%
1995/1996Milan AC
87.3%
2009/2010Olympique Lyonnais
86.2%
2006/2007 - 2015/2016Liverpool
83.8%
1966/1967FC Porto
83.1%
1986/1987 2012/2013Benfica Lisbonne
82.9%
1995/1996Betis Seville
81.5%
1999/2000Manchester United
80.8%
2008/2009Chelsea
77.6%
2000/2001Celtic Glasgow
76.5%
2006/2007 - 2007/2008 - 2008/2009Galatasaray
74.4%
1999/2000 - 2003/2004Valence CF
74.3%
2002/2003 - 2007/2008RCS Anderlecht
72.5%
1990/1991 - 2008/2009AS Rome
71.6%
1998/1999Parme AC
70%
2003/2004 - 2012/2013FC Bruges
67.5%
1964/1965Borussia Dortmund
66.5%
1987/1988 - 2006/2007PSV Eindhoven
66.5%
1965/1966Sporting Portugal
65.3%
1967/1968 - 1984/1985Athletic Bilbao
65.1%
2018/2019FC Copenhague
64.7%
1995/1996 - 2018/2019Slavia Prague
63.7%
1984/1985Dinamo Bucarest
62.8%
2012/2013Dynamo Kiev
62.8%
2018/2019Zenith Saint-Petersbourg
62.7%
1987/1988Dynamo Berlin
62.1%
2009/2010Olympiakos Le Pirée
61.9%
1999/2000Sparta Prague
60.7%
1999/2000Fiorentina
57%
1988/1989Naples
56.6%
1995/1996 - 2013/2014Eintracht Francfort
56.1%
Saison(s) Nom du club % Correct
2012/2013Etoile Rouge Belgrade
56.1%
2009/2010Maccabi Haïfa
54.9%
2015/2016FC Sion
54.1%
2012/2013Newcastle United
53.4%
1966/1967 - 2018/2019La Gantoise
52.9%
2008/2009CFR 1907 Cluj
48.3%
2013/2014Maccabi Tel-Aviv
48.3%
1983/1984 - 1986/1987Lokomotive Leipzig
46.6%
2000/2001Werder Brême
46.2%
1998/1999Grasshopper Zürich
45.1%
2017/2018Videoton
44.8%
2001/2002Standard de Liège
43.4%
1981/1982Hambourg SV
42.7%
1997/1998Aston Villa
41.8%
1993/1994Servette Genève
41.6%
2006/2007Osasuna
41.1%
1982/1983Hajduk Split
40.2%
2000/2001Rayo Vallecano
40%
2013/2014APOEL Nicosie
37.7%
1999/2000Spartak Moscou
37.6%
1998/1999Rapid Vienne
36.5%
1968/1969FC Cologne
34%
1995/1996HJK Helsinki
33.7%
1984/1985 - 1988/1989Dniepr Dniepropetrovsk
33.3%
2003/2004Heart of Midlothian
33%
1993/1994 - 1995/1996Karlsruhe SC
30.5%
1985/1986Fenerbahçe
30.3%
2015/2016Rubin Kazan
28.4%
1995/1996Vardar Skopje
27.7%
1998/1999Vitesse Arnhem
27.7%
1999/2000Willem II
27%
2007/2008Austria Vienne
25%
Saison(s) Nom du club % Correct
2012/2013Maritimo Funchal
24.3%
1993/1994 - 1995/1996Bohemians FC
22.2%
1981/1982Vikingur Reykjavik
21.5%
2015/2016Kairat Almaty
21.3%
1982/1983Carl Zeiss Iéna
21%
2003/2004Artmedia Bratislava
19.6%
1995/1996Rotor Volgograd
19%
2015/2016AEK Larnaca
17.8%
1990/1991FC Magdebourg
17.6%
2001/2002Roda JC
16.8%
1986/1987Torpedo Moscou
16.4%
2007/2008Panionios
16.2%
1982/1983Universitatea Craiova
15.5%
1994/1995GKS Katowice
15.3%
2007/2008Tampere United
15%
1995/1996SC Heerenveen
14.5%
2018/2019FK Ventspils
13.6%
2000/2001Lierse
13.4%
2018/2019FK Mariupol
12.7%
1987/1988 - 1994/1995Lilleström
12.3%
1995/1996OB Odense
11.3%
2001/2002Debrecen
11.1%
1988/1989Ujpest FC
10.8%
2002/2003Djurgardens IF
10.2%
1995/1996IFK Norrköping
9%
2007/2008Helsingborgs IF
9%
2002/2003Matador Puchov
8.8%
1990/1991Glenavon FC
8.5%
1969/1970Dunfermline
6.3%
1986/1987Waterford United
6.3%
2003/2004Groclin Grodzisk
5.3%
1967/1968St. Patrick's Athltetic
3%
Remove Ads.
Support Sporcle.
Get the best of Sporcle when you Go Orange. This ad-free experience offers more features, more stats, and more fun while also helping to support Sporcle. Thank you for becoming a member.

You're not logged in!

Compare scores with friends on all Sporcle quizzes.
OR
Log In

Sporcle TV

Today on Sporcle TV


Watch our educational content, quiz creation guides, and fun videos on Sporcle TV.

Show Comments

Extras

Top Quizzes Today


Score Distribution

Paid Content

Your Account Isn't Verified!

In order to create a playlist on Sporcle, you need to verify the email address you used during registration. Go to your Sporcle Settings to finish the process.

Report this User

Report this user for behavior that violates our Community Guidelines.

Details: